00609nam a2200181Ia 4500001002600000003000900026008004100035040002300076041001300099100001600112245007500128250001500203260003600218300001900254501012400273520001500397700001500412914.521-MOS a. ch (17114)IT-MiSPE171229s9999||||xx |||||||||||||| ||und|| aIT-MiSPEcIT-MiSPE aITALIANO aA. Mosconi  0aChiesa di S. Angelo dei Frati Minori (Milano)bGuida storico-artistica a1a ed. (v) aMilanobBibl. Francescanac1972 a144 p. c20 cm aEdizioni San Paolo srl - Piazza Soncino, 5 - 20092 CINISELLO BALSAMO (MI) (non commercial uses only) ® Copyright 2018 aIll., tav. aF. Olgiati